Missing Word: Directed by Robert Quiz Stats

 Plays Quiz Updated Jan 23, 2018

Score 0/24 Timer 03:00
2 Plays Today
Director Missing word % Correct
Robert StevensonMary
98.6%
Robert WiseStory
97.1%
Robert MulliganMockingbird
96.7%
Robert ZemeckisRabbit
96.3%
Robert ZemeckisFuture
95.6%
Robert ZemeckisExpress
95.4%
Robert RedfordRiver
94.8%
Robert WiseMusic
93.3%
Robert RedfordPeople
92.5%
Robert StevensonBroomsticks
89.7%
Robert RedfordWhisperer
86%
Robert ZemeckisDeath
85.7%
Director Missing word % Correct
Robert RedfordLegend
83%
Robert WiseBody
77.7%
Robert WiseAndromeda
74.4%
Robert MulliganHappiness
68.7%
Robert StevensonHerbie
47.1%
Robert StevensonGhost
44.2%
Robert MulliganStaircase
42.5%
Robert AltmanMcCabe
29.2%
Robert MulliganMoon
24.9%
Robert AltmanFortune
17.2%
Robert AltmanVincent
11.2%
Robert AltmanGingerbread
5.2%

Today's Daily Dose

You're not logged in!

Compare scores with friends on all Sporcle quizzes.
OR
Log In

Sporcle TV

Today on Sporcle TV


Watch our educational content, quiz creation guides, and fun videos on Sporcle TV.

Show Comments

Extras

Top Quizzes Today


Score Distribution

Your Account Isn't Verified!

In order to create a playlist on Sporcle, you need to verify the email address you used during registration. Go to your Sporcle Settings to finish the process.

Report this User

Report this user for behavior that violates our Community Guidelines.

Details: